000 00513nmm a2200169Ia 4500
008 251105s9999||||xx |||||||||||||||||und||
020 _a9788437081601
041 _aspa
100 _aCanet Vallés, Josep Lluís
245 0 _aComedia de Calisto y Melibea
264 _a[Madrid, España] :
_bPublicaciones de la Universidad de Valencia (PUV),
_c2011
300 _a356 páginas
490 _aParnaseo
650 _aSpanish literature
856 _uhttps://public.digitaliapublishing.com/a/34904
942 _cCF
999 _c82567
_d82567